000 00564nam a2200217Ia 4500
008 180523s9999 xx 000 0 und d
020 _a81-7314-08-4-7
050 _aMAIN HF 5415.126
050 _b.R63 2002
100 _aRobinson, John Frazer -
245 0 _aEffective direct mail /
245 0 _cJohn Frazer-Robinson.
260 _aNew Delhi :
260 _bResearch Press,
260 _c2002
300 _a61 pages :
300 _billustrations ;
300 _c23 cm.
440 _a60 minutes success skills series
650 _aDirect marketing.
999 _c357057
_d357057